Quizzes
Events
Quiz Creation
Community
Videos
Private Events
Remove Ads
Sign In
Join for FREE
Feedback
Dark Mode
Quiz Categories
Sports
Geography
Music
Movies
Television
Just For Fun
Miscellaneous
History
Literature
Language
Science
Gaming
Entertainment
Religion
Holiday
For Kids
Quiz Lab
Recent
Popular Today
Quiz Kudos Today
Editor Picks
Curator Picks
Quizzes by...
Day
Popularity
Type
Ratings
Length
Year
Community
Subscriptions
Recent Discussions
Orange Saloon
Badges
Playlists
Quests
Create
Leaderboards
Showdown
Live 5
Trivia Bingo
Activity
Puzzle Library
Sporcle Events
Private Events
Virtual Trivia
Globe League
Become a Host
Pub Owners
SporcleCon
Opinionation
Our Games
Videos
Blog
Mobile Apps
Partnerships
Remove Ads and Go Orange
Feedback
Music
Pop Music
The Beatles
Song
Album
Lyrics
Bands
Singers
Artist
Clip
Rock
Rap
Classical
Billboard
Country Music
Kpop
Taylor Swift
Music
Pop Music
The Beatles
Song
Album
Lyrics
Bands
Singers
Artist
Clip
Rock
Rap
Classical
Billboard
Country Music
Kpop
Taylor Swift
Random Quiz
Search Sporcle
×
Quiz Lab
Quiz Lab
Music
Word Ladder
Type in answers that appear in a list
Type in answers that appear in a list
Classic
Best Score? Go Orange.
Rush Word Ladder (Difficult) Stats
Can you name the Rush Word Ladder (Phase 4)?
By
MarkyMarc413
20m
207 Questions
154 Plays
154 Plays
154 Plays
Comments
Comments
Give Quiz Kudos
Give Quiz Kudos
-
- Ratings
hide this ad
Replay
Link that replays current quiz
Next Quiz
Link to next quiz in quiz playlist
You Got
0%
They Got
Avg Score
40%
Avg Friend Score
Upgrade to see
Score Distribution
Jump to the score distribution portion of the page
Score
0/207
Timer
20:00
0
Plays Today
Clue
5-Letter Word
% Correct
Broad smiles
GRINS
70.5%
A metric unit
GRAMS
69.9%
Not right
WRONG
67.8%
★John Rutsey played★
DRUMS
67.8%
Parents' Mothers
GRANS
67.1%
★A Farewell To _
_
_
_
_
★
KINGS
64.3%
The Chicago _
_
_
_
_
BEARS
63%
Grizzly, Polar, Panda, etc.
BEARS
63%
★Fly By _
_
_
_
_
★
NIGHT
63%
Film: The _
_
_
_
_
Witch Project
BLAIR
61.7%
Inexpensive
CHEAP
61.7%
Not the lows
HIGHS
61.7%
What one cries
TEARS
61%
★2112's 5th Track'★
TEARS
61%
Twist forcably
WRING
61%
To strike with the foot
KICKS
60.4%
Farm animal
SHEEP
59.7%
Foreigner in Spanish, -
o/
-
a
GRING
59.6%
★Grace _
_
_
_
_
Pressure★
UNDER
59.1%
Burning the surface
SEARS
59.1%
Roebuck partner
SEARS
59.1%
Bird call
CHEEP
59.1%
Cord curls
KINKS
58.4%
Birds' bills
BEAKS
58.4%
Laments
SIGHS
58.4%
★'Got my _
_
_
_
_
s on the stars'★
SIGHT
57.8%
Not fresh
STALE
57.1%
★'And the oaks ignore their _
_
_
_
_
'★
PLEAS
57.1%
★'Shining _
_
_
_
_
on summer nights'★
STARS
56.5%
Discounted prices
SALES
56.5%
To come with
BRING
56.2%
U.S. Navy _
_
_
_
_
SEALS
55.2%
Small drink of liquor
DRAMS
54.1%
★'I _
_
_
_
_
around in wonder'★
STARE
53.9%
Open level, as on a ship
DECKS
53.2%
Groups in sports
TEAMS
53.2%
Elude or swindle
CHEAT
53.2%
★Roll The _
_
_
_
_
★
BONES
52.6%
Bloodhound's pests
FLEAS
52.6%
German beer
BECKS
51.9%
Under sports shoes
CLEAT
51.9%
Cloth fold
PLEAT
51.9%
Pointy part
PRONG
51.4%
★Presto's 5th Track★
SCARS
51.3%
Wild swine
BOARS
51.3%
★Counter_
_
_
_
_
★
PARTS
51.3%
Tennis, Monica _
_
_
_
_
SELES
51.3%
Imperfections
FLAWS
51.3%
What a bird does
SOARS
50.6%
NBC's _
_
_
_
_
& Recreaction
PARKS
50.6%
What a bird does
SOARS
50.6%
McHenry, Knox, Alamo, etc.
FORTS
50.6%
★'The Soviets are the _
_
_
_
_
'★
BLUES
50.6%
Sporting goods store
DICKS
50.6%
Bloodhound's nails
CLAWS
50.6%
★Vapor _
_
_
_
_
s★
TRAIL
50%
Had a life
LIVED
50%
Worn on feet
SOCKS
50%
To frighten
SCARE
49.4%
Exchange for money
SELLS
49.4%
★Signals' 'New _
_
_
_
_
Man'★
WORLD
49.4%
★'The struggle of the Ancients first _
_
_
_
_
'★
BEGAN
49.4%
Extra, like a tire
SPARE
48.7%
Hitting with hands
SLAPS
48.7%
★'_
_
_
_
_
ed in the history of London'★
STEEP
48.7%
★Permanent _
_
_
_
_
★
WAVES
48.7%
Streetcars
TRAMS
48.7%
Locomotive
TRAIN
48.1%
Sounds with fingers
SNAPS
48.1%
Clue
5-Letter Word
% Correct
Small dabbling ducks
TEALS
48.1%
Past tense of Wear + D
WORED
48.1%
Drills a hole
BORES
47.4%
What boxer does
SPARS
47.4%
★Rush writes★
SONGS
46.8%
★Geddy Lee★
SINGS
46.8%
Coastal towns
PORTS
46.1%
Small jewelery objects
BEADS
45.5%
Fringe Benefits
PERKS
45.5%
Bartender mixes Whiskey _
_
_
_
_
SOURS
45.5%
★Caress Of _
_
_
_
_
★
STEEL
45.5%
Idaho's Twin _
_
_
_
_
PEAKS
44.8%
Sad lips do this
POUTS
44.8%
Loud, in music
FORTE
44.8%
Adheres together
GLUES
44.8%
Light meal
SNACK
44.8%
★Moving Picture's # of Tracks★
SEVEN
44.8%
Connery, Moore, Dalton, etc.
BONDS
44.2%
Two or more of this fruit
PEARS
44.2%
Natural talent
FLAIR
44.2%
Tiny holes
PORES
43.5%
Bartender does this
POURS
43.5%
To crouch in 'Fear'
COWER
43.5%
Food consumer
EATER
43.5%
Populated by poor
SLUMS
42.9%
One who doesn't Googles
BINGS
42.9%
Cut in size
TRIMS
42.9%
Bloodhound's lips
FLEWS
42.9%
More of sky's color
BLUER
42.2%
Fruit, sugar_
_
_
_
_
PLUMS
42.2%
Started (past participle)
BEGUN
41.6%
Traced
LINED
41.6%
Plural of greatest quanity
MOSTS
40.9%
The above _
_
_
_
_
money
SAVES
40.9%
Inclination
PRONE
40.4%
Radiohead's 2nd album
BENDS
40.3%
★Test For Echo's 'Dog _
_
_
_
_
'★
YEARS
40.3%
★_
_
_
_
_
Windows★
POWER
40.3%
Weak
FRAIL
40.3%
Loose
SLACK
40.3%
Yes singer Jon _
_
_
_
_
son
ANDER
40.3%
Will, past tense
WOULD
40.3%
2000 US Election, Hanging _
_
_
_
_
CHADS
39.6%
Hitting with force
SLAMS
39.6%
★'_
_
_
_
ed in kingly guise'★
DRESS
39.6%
A fork is
TINED
39.6%
Message board replies
POSTS
39%
Potter's Professor
SNAPE
39%
★_
_
_
_
_
work Angels★
CLOCK
39%
_
_
_
_
_
-
Boson
HIGGS
39%
To wet
SOAKS
39%
Goose cry
HONKS
39%
Pouring sounds
GLUGS
38.3%
Powers electronics
PLUGS
38.3%
To swing
FLAIL
37.7%
★_
_
_
_
_
s & Arrows★
SNAKE
37.7%
★'_
_
_
_
_
Lightning'★
CHAIN
37%
Bluish-
black
BLAER
37%
Mud earth
CLAYS
37%
Organizes
SORTS
36.4%
★Hold Your Fire's '_
_
_
_
_
Ten'★
FORCE
36.4%
Burning slightly
CHARS
36.4%
★'By-
Tor _
_
_
_
_
his foe'★
SLAYS
36.4%
British informal, father
PATER
35.7%
Someone to finish
ENDER
35.7%
★Feedback's '_
_
_
_
_
s of Things'★
SHAPE
35.7%
Published life stories
BIOGS
35.7%
Hopping bug-
eaters
FROGS
35.1%
Posted life stories
BLOGS
35.1%
Clue
5-Letter Word
% Correct
★Hemispheres' 'The _
_
_
_
_
'★
TREES
35.1%
To pass through
ENTER
34.4%
One who removes fruit insides
CORER
33.8%
Rope's middle
BIGHT
33.8%
Intolerant person
BIGOT
33.8%
One who peels/
cuts
PARER
33.1%
★'Half the world _
_
_
_
_
'★
TRIES
33.1%
Braid of hair
TRESS
33.1%
Spoke wildly
RAVES
32.5%
Pulls
DRAGS
31.8%
Caused (simple tense)
BEGAT
31.8%
Walkie-
Talkie Inventor
HINGS
31.8%
Playing a hunting horn
MORTS
31.2%
To cleanse
SOAPS
31.2%
Animal ankle
HOCKS
31.2%
Beats
FLOGS
30.5%
Caused (past participle)
BEGOT
30.5%
Star Wars, Darklighter
BIGGS
29.9%
Dixie _
_
_
_
_
DREGS
29.9%
Firmed up
TONED
29.9%
★'_
_
_
_
_
their creativity'★
FORGE
29.2%
One in water
WADER
29.2%
Ordinary language
PROSE
28.8%
Cleave
SEVER
28.6%
Was aware
WARED
28.6%
Quick, sharp sound
CLACK
27.9%
To exchange
SWAPS
27.9%
A canyon
GORGE
27.3%
A healer
CURER
27.3%
★Neil's upbeat★
SNARE
27.3%
Upright stone slab
STELE
27.3%
Wanderer
ROVER
27.3%
Wanders
ROVES
27.3%
Handle
LEVER
27.3%
A partner
LOVER
26.6%
Kills
FRAGS
26%
Expanded
WIDER
26%
In the water
WADED
26%
Persuade
SWAYS
26%
Blended food
PUREE
25.3%
Hobbits' Military Leader
THAIN
25.3%
Quick movements
SHAKE
25.3%
Mary Stuart's prison
LEVEN
25.3%
Improves
HONES
24.7%
Cattle shelter
STELL
24.5%
Mysterious/
imaginary animal
SNARK
24%
Gives relief
AIDER
24%
Free and clear
PURER
23.4%
To rouse
LIVEN
23.4%
Sound units
SONES
22.7%
An earnest gazer
PORER
22.1%
Stores casks
CHAIS
22.1%
You plead (2 words)
BEGUS
21.4%
A fragment
SHARD
17.5%
To cleanse/
expell
PURGE
16.9%
UNIX archive files
SHARS
16.9%
Screwed (slang)
BONED
16.9%
A variety of beet
CHARD
16.2%
Monster
BEAST
16.2%
Exaggerate
BOAST
15.1%
Male escorts
BEAUS
14.9%
Attractive
BEAUT
14.9%
To lift or raise
BOOST
14.4%
A whirlpool
GURGE
14.3%
The opposing team gets
BOOED
12.3%
Porridge
BROSE
12.3%
Cow crib
BOOSE
11%
To wind or wrap
WOOLD
10.4%
Sought favor
WOOED
10.4%
Quiz Playlist
Details
Report
Send in Message
Add To Playlist
Classic:
Type in answers that appear in a list
Last Updated: Feb 16, 2017
Quiz Scoreboard
CHALLENGE
Sign Up to Join the Scoreboard
Show All
Scores
Hide
Comments
May contain spoilers
Recently Published
Decade Duel: World Leaders
by jenniferyan
History
4m
Alphabetical 'K' Countries by Flag Minefield
by ylime102
Geography
3m
Pick 6: Fruits
by JohnFran
Miscellaneous
15s
More to Explore
Quiz From the Vault
Featured Blog Post
15 Basketball Trivia Facts You Can Be March Mad About
hide this ad
You Might Also Like...
Tags
Word Ladder Quiz
Progressive Rock
rush
Today's Top Quizzes in Music
Browse Music
hide this ad
Today's Top Quizzes in Word Ladder
Browse Word Ladder
Top Contributed Quizzes in Music
1
Taylor Swift All Songs (2024)
2
Taylor Swift Logic Puzzle
3
KPOP LOGIC QUIZ
4
Guess the Taylor Swift song (Mystery Song)
5
A Taylor Swift Logic Puzzle
6
Guess The Taylor Swift Lyrics Song #1
7
kpop group name match up
8
K-Pop : 100 Debut Songs (Part 1 of 3)
9
2 word kpop group match
10
Madness Songs By Image
Explore More
Trending Topics
Kpop
Disney
Marvel
Crossword
NBA
Anime
Harry Potter
The Office
Puzzle
WWE
NFL
Pokémon
Song
Soccer
Country
hide this ad
More By:
MarkyMarc413
Quiz
Plays
Rating
Category
Featured
Created
Rush Word Ladder (Difficult)
154
4.00
Music
Jan 8, 2013
Go to Creator's Profile
Score Distribution
Quiz Creator Spotlight
MarkyMarc413
Follow
Send a Message
Quizzes Created
-
Created Quiz Play Count
-
More By This Creator
Popular Quizzes Today
1
Countries of Asia Without Outlines Minefield
2
Find the US States - No Outlines Minefield
3
Pick 6: Fruits
4
The Countries of the World
5
Alphabetical 'K' Countries by Flag Minefield
6
Find the Countries of Europe - No Outlines Minefield
7
US States
8
Find the US States
More Music Quizzes
MCR Lyrics Through Google Translate
Quiz Lab
Trending Quizzes
Pick 6: Mountains
Pick 6: Harry Potter
Pick 6: Flags
Pick 6: NFL Teams
Pick 6: Movie Franchises
Recently Updated
Adaptations: Name the Title
pecheneg
NWSL Teams
pecheneg
Women's Final Four Teams by Year
bhenderson79
Presidents Quartet II
eogle
Anything But Clue(do)
eogle
Anything But Oceanian Capitals
eogle
Anything But 7
eogle
Anything But Thing
eogle
Word Ladder: February 29
pecheneg
Song Title Questions
pecheneg
Trending Topics
Disney
Harry Potter
NBA
Anime
Crossword
Marvel
Kpop
Puzzle
NFL
Soccer
Song
Pokémon
WWE
Country
The Office
Your Account Isn't Verified!
In order to create a playlist on Sporcle, you need to verify the email address you used during registration. Go to your
Sporcle Settings
to finish the process.
Report this User
Report this user for behavior that violates our
Community Guidelines
.
Details:
Send Report
Go to the Sporcle.com Mobile Site →
Comments